00695 2200277 4500001002100000005001500021035002000036007000300056008004100059020002200100082000800122084001400130100002500144245005100169250001000220260004800230300003100278500001100309500001400320650001400334504002500348990001100373990001100384990001100395990001100406INLIS00000000000562620200630101955 a0010-0420000020ta200630 g 0 ind  a978-602-855-203-5 a600 a600 AND e0 aANDARINI, Trisnasari1 aEnsiklopedi Teknologi 1 /cAndarini Trisnasari acet.1 aJakarta :bKenanga Pustaka Indonesia,c2009 a70 hlm. :bilus. ;c25 cm. aIndeks aGlosarium 4aTEKNOLOGI aBibliografi : hlm.70 a7374 a a7374 b a7374 c a7374 d